=LDR 00000nam 2200000 4500 =001 INLIS000000000044759 =005 20200907085650 =035 ##$$a 0010-101300000002681 =008 200907################g##########0#ind## =020 ##$$a 978-602-98691-3-2 =084 ##$$a 2X5.4 FAT m =100 ##$$a Fatihuddin =245 1#$$a Mengapa Kita Berzikir : $b Pertemuan dengan Malaikat, bercengkrama dengan Allah /$c Fatihuddin, Editor, Donny Apriliananda =260 ##$$a Jakarta :$b Delta Prima Press,$c 2011 =300 ##$$a xii,368 Hlm. ; $c 21 x 15 cm. =850 ##$$aNBPNMAT =082 ##$$a 2X5.4 =650 #4$$a Doa dan Wirid =700 #$$a Apriliananda, Donny =990 ##$$a 21105843